00400cam a2200157ua 45000010005000000080039000050400009000440820012000531000019000652450044000842500009001282600039001373000017001766530022001936530027002153771111203n ii |||gr||||Z||||||asm cMAIN a491.4511 aThakur, Nagen,11aPrakrit sahitya chayancby Nagen Thakur a4th. aGuwahati:bJyoti Prakashan,c2007. a280p:c23cm. aAssamese language aPrakrit sahitya chayan